EXPLOSIVE AND BLASTING PRACTICE IN MINES (Record no. 5280)

MARC details
000 -LEADER
fixed length control field 00353nam a22001457a 4500
005 - DATE AND TIME OF LATEST TRANSACTION
control field 20161022151346.0
008 - FIXED-LENGTH DATA ELEMENTS--GENERAL INFORMATION
fixed length control field 161022b xxu||||| |||| 00| 0 eng d
041 ## - LANGUAGE CODE
Language code of text/sound track or separate title eng
100 ## - MAIN ENTRY--AUTHOR NAME
Personal name DAS,SAMIR KUMAR
245 ## - TITLE STATEMENT
Title EXPLOSIVE AND BLASTING PRACTICE IN MINES
260 ## - PUBLICATION, DISTRIBUTION, ETC. (IMPRINT)
Name of publisher LOVELY
300 ## - PHYSICAL DESCRIPTION
Number of Pages 367
650 ## - SUBJECT ADDED ENTRY--TOPICAL TERM
Topical Term MINING ENGINEERING
942 ## - ADDED ENTRY ELEMENTS (KOHA)
Koha item type Books
Holdings
Lost status Damaged status Collection code Home library Current library Shelving location Date acquired Source of acquisition Cost, normal purchase price Full call number Accession Number Koha item type
    MINING JRU Library JRU Library SHELF-100-A 22/10/2016 Purchase 400.00 622.23 21361 Books
    MINING JRU Library JRU Library SHELF-60-E 22/10/2016 Purchase 400.00 622.23 21362 Books
    MINING JRU Library JRU Library SHELF-100-A 22/10/2016 Purchase 400.00 622.23 21363 Books
    MINING JRU Library JRU Library SHELF-100-A 22/10/2016 Purchase 400.00 622.23 21364 Books
    MINING JRU Library JRU Library SHELF-100-A 22/10/2016 Purchase 400.00 622.23 21365 Books
    MINING JRU Library JRU Library SHELF-100-A 03/11/2023 PURCHASE [LBI000225/29-10-2023] 600.00 622.23 28055 Books
    MINING JRU Library JRU Library SHELF-100-A 03/11/2023 PURCHASE [LBI000225/29-10-2023] 600.00 622.23 28056 Books
    MINING JRU Library JRU Library SHELF-100-A 03/11/2023 PURCHASE [LBI000225/29-10-2023] 600.00 622.23 28057 Books
    MINING JRU Library JRU Library SHELF-100-A 03/11/2023 PURCHASE [LBI000225/29-10-2023] 600.00 622.23 28058 Books
    MINING JRU Library JRU Library SHELF-100-A 03/11/2023 PURCHASE [LBI000225/29-10-2023] 600.00 622.23 28059 Books